00506nam a2200193 a 4500001001300000003000900013005001700022008004100039020000800080082001600088100002000104245006000124260003000184300000800214500003500222505001000257650002500267700002000292nice12345678IN_TiNIC20260116011605.0050524s1959 lona grp 000 0 eng  ac600a297.4bSIN2 aSingh, Jogendra aPersian Mysticsb Invocations of Sheikh Abdullah Ansari aLondonbJohn Murrayc1959 a59p aincludes index and biblioraphy2 aIndex aJava-Colonial Period1 aSingh, Jogendra